WTO obmedzujú bilaterálne dohody

Svetová obchodná organizácia (WTO) nevyhnutne potrebuje reformu. Byrokratický aparát WTO komplikuje jeho činnosť. Potreba realizácie zmien. Návrhy na zmeny, ktoré je nevyhnutné urobiť, aby organizácia spĺňala svoju funkciu. Potreba voľby nového šéfa a posilnenie jeho postavenia. Uchádzači o kreslo n...

Ausführliche Beschreibung

Gespeichert in:
Bibliographische Detailangaben
1. Verfasser: Slovák, Kristian
Format: Buchkapitel
Sprache:Slowakisch
Schlagworte:
Tags: Tag hinzufügen
Keine Tags, Fügen Sie das erste Tag hinzu!

MARC

LEADER 00000naa$a2200000$$$4500
001 0025562
005 20231009081049.9
041 0 |a slo 
044 |a SK 
245 1 0 |a WTO obmedzujú bilaterálne dohody  |c Kristian Slovák 
520 |a Svetová obchodná organizácia (WTO) nevyhnutne potrebuje reformu. Byrokratický aparát WTO komplikuje jeho činnosť. Potreba realizácie zmien. Návrhy na zmeny, ktoré je nevyhnutné urobiť, aby organizácia spĺňala svoju funkciu. Potreba voľby nového šéfa a posilnenie jeho postavenia. Uchádzači o kreslo nového šéfa organizácie. 
610 2 0 |a obchod medzinárodný 
610 2 0 |a organizácia 
610 2 0 |a reformy 
610 2 0 |a byrokracia 
610 2 0 |a Svetová obchodná organizácia 
100 1 |a Slovák, Kristian